英超神人录(2010-2025) - Statistics

General Stats
  • This quiz has been taken 15 times
  • The average score is 7 of 15
Answer Stats
提示 答案 % Correct
2019年联赛杯决赛拒绝下场的西班牙守门员 凯帕
87%
2022-23赛季对阵利物浦上演乌龙梅开二度的莱斯特后卫 费斯
73%
绰号“高佬”,效力过利物浦,热刺,斯托克城等队的英格兰前锋 克劳奇
60%
跟随谢菲尔德联,伯恩茅斯以及南安普顿降级三次的英格兰门将 拉姆斯代尔
60%
在2012-2020效力于南安普顿的日本中后卫,长相酷似布斯克茨 吉田麻也
53%
布莱顿现任队长,绝技是用胸部把球停给门将 邓克
53%
在2010-2015年效力于纽卡斯尔的法国四小天鹅之一 本阿尔法
53%
2017-18赛季踩伊布拉希莫维奇头的伯恩茅斯后卫 明斯
33%
2010-11赛季以3500万英镑转投利物浦的英格兰高个前锋 卡罗尔
33%
2012-13赛季在足总杯对阵斯旺西的比赛中踢球童被红牌罚下的球员 阿扎尔
33%
曾经效力于曼城和维拉的边后卫,现在是天空体育的固定嘉宾 理查兹
33%
前伯恩利和埃弗顿主帅,说话像终结者,在发布会上被老婆查岗 戴奇
33%
斯托克城大力手抛球之王,24-25赛季伊普斯维奇前锋之父 德拉普
27%
曾效力于布莱顿,埃弗顿和布伦特福德的法国前锋,曾经嘲讽埃弗顿以及模仿麦迪逊扔飞镖 莫派
27%
2016年足总杯决赛在球队进球后跳舞的水晶宫主帅 帕杜
20%
No matching quizzes found
Score Distribution
Percent of People with Each Score
Percentile by Number Answered
Your Score History
You have not taken this quiz